KOHA-Header-6

Introductory Econometrics a Modern Approach (Record no. 1005)

000 -LEADER
fixed length control field 00351nam a2200133Ia 4500
008 - FIXED-LENGTH DATA ELEMENTS--GENERAL INFORMATION
fixed length control field 190722s9999 xx 000 0 und d
020 ## - INTERNATIONAL STANDARD BOOK NUMBER
International Standard Book Number 978-81-315-2465-7
100 ## - MAIN ENTRY--PERSONAL NAME
Personal name Jeffrey M.Wooldridge
245 #0 - TITLE STATEMENT
Title Introductory Econometrics a Modern Approach
250 ## - EDITION STATEMENT
Edition statement 5th
260 ## - PUBLICATION, DISTRIBUTION, ETC. (IMPRINT)
Place of publication, distribution, etc New Delhi
Name of publisher, distributor, etc Cengage learning
Date of publication, distribution, etc 2013
300 ## - PHYSICAL DESCRIPTION
Extent 878
942 ## - ADDED ENTRY ELEMENTS (KOHA)
Koha item type Books
Holdings
Withdrawn status Lost status Damaged status Not for loan Permanent Location Current Location Date acquired Full call number Barcode Date last seen Price effective from Koha item type
        MAJU MAJU 2019-07-22 330.015 7630 2019-07-22 2019-07-22 Books

Powered by Koha